| 000 | 00618nam a2200217 i 4500 | ||
|---|---|---|---|
| 001 | 9664 | ||
| 003 | ES-MaACL | ||
| 005 | 20231002125757.0 | ||
| 007 | t| | ||
| 008 | 931119s1987 cl ||||1| spa d | ||
| 080 | _a86.0(83)-34"19" | ||
| 080 | _a86.0(83)(Kri,F.7 K.01) | ||
| 100 | 1 |
_aKri, Fernando. _968828 |
|
| 245 | 1 | 0 |
_aKapsilia _b: cuentos / _cFernando Kri. |
| 260 |
_aChile : _bLa Noria, _c1987. |
||
| 300 |
_a143 p. ; _c19 cm. |
||
| 852 |
_aES-MaACL _jL-17052/Ej.1 _bR.121667 |
||
| 852 |
_aES-MaACL _jL-21773 _bR.124343 _zDedicatoria autógrafa del autor |
||
| 942 | _2udc | ||
| 999 |
_c9664 _d9664 |
||